000
00336nam a22001457a 4500
008
230601b ||||| |||| 00| 0 eng d
020
_a
9781133308065
041
_a
eng
080
_2
THIRD EDITION
_a
37
082
_a
37AND
100
_a
22
101
_a
EDU
245
_a
ACTIVE SKILLS FOR READING
_c
ANDERSON .J .N
942
_2
udc
_c
BK
999
_c
59902
_d
59902